00417 a2200157 4500001000700000020000600007040001100013100002000024240002400044245001900068362000900087697003500096942000700131952010200138999001900240178620 a  cMagnum aSaldanha, Paula10aO praca quinzelpor10aO praca quinze0 a1899 aMAGNITO: IJ/SOCIEDADE COTIDIAN cBK 00104070a32.5b32.5d2024-06-08l0oLI.00568pMAG00028146r2024-06-08 20:52:21w2024-06-08yBK c178620d178620